| 000 | 00632nam a2200205 a 4500 | ||
|---|---|---|---|
| 001 | BRCA_1581 | ||
| 005 | 20190320203457.0 | ||
| 008 | 790507s1977 mx-a---##c---#000-0#spa-d | ||
| 040 |
_aDLC _cDLC _dDLC |
||
| 041 | _aspaeng | ||
| 050 | 4 |
_aND813.C5 _b.E57 1977 |
|
| 245 | 1 | 0 |
_aEnrique Climent _cdiseño y cuidado de la edición Jordi Boldo. |
| 260 |
_aMéxico _bJoaquín Mortiz _c1977 |
||
| 300 |
_a143 p. _bil. (algunas a color) _c28 cm. |
||
| 500 | _aIncluye índice de láminas | ||
| 546 | _aTexto en : español e inglés | ||
| 600 | 1 | 4 |
_aCliment, Enrique _d1897- _vCatálogos _95034 |
| 700 | 1 |
_aBoldo, Jordi _95035 |
|
| 942 |
_2lcc _cB |
||
| 999 |
_c1410 _d1410 |
||